000 00599nam a2200217Ia 4500
003 OSt
005 20230516094357.0
008 210323s9999||||xx |||||||||||||| ||und||
040 _cSTCPL
041 _aENG
082 _a330.954
_bBHA-S
100 _aBhat, N. S.
245 0 _aStudies in India's economic problems and policy /
_cby N. S. Bhat
260 _aNew delhi :
_bAnmol Publications Pvt Ltd ,
_c1986.
300 _a152 p.
_bHB
650 _aEconomic problems and policy
650 _aPopulation- problems and policy
650 _aInflation in India
942 _cBK
942 _2ddc
999 _c41611
_d41611